Dexter's Laboratory Franchise - Statistics

General Stats
  • This quiz has been taken 16 times
  • The average score is 2 of 30
Answer Stats
Type Year Name Info % Correct
TV Show 1996-2003 Dexter's Laboratory Cartoon Network
100%
TV Film 1999 Dexter's Laboratory: Ego Trip Cartoon Network
38%
Comic Series 1999-2003 Dexter's Laboratory DC Comics
25%
Book 2003 Brain Power David Cody Weiss / Bobbi J. G. Weiss
0%
Book 2003 Cootie Wars David Cody Weiss / Bobbi J. G. Weiss
0%
Book 2002 Dee Dee's Amazing Bones Anne Capeci
0%
Book 2002 Dex-Terminator Bobbi J. G. Weiss / David Cody Weiss
0%
Book 2003 Dexter's Big Switch Meg Belviso / Pam Pollack
0%
Book 2002 Dexter's Ink Howie Dewin
0%
Book 2004 Dexter's Joke Book for Geniuses Howie Dewin
0%
Video Game 2002 Dexter's Laboratory: Chess Challenge BAM! Entertainment
0%
Video Game 2001 Dexter's Laboratory: Deesaster Strikes! BAM! Entertainment
0%
Video Game 2002 Dexter's Laboratory: Mandark's Lab? BAM! Entertainment
0%
Video Game 2000 Dexter's Laboratory: Robot Rampage Bay Area Multimedia
0%
Video Game 2001 Dexter's Laboratory: Science Ain't Fair BAM! Entertainment
0%
Book 2001 Dexter's Laboratory: Science Fair Showdown! Chip Lovitt
0%
Video Game 2004 Dexter's Laboratory: Security Alert! Umnet.com
0%
Album 2002 Dexter's Laboratory: The Hip-Hop Experiment (Various Artists)
0%
Album 1998 Dexter's Laboratory: The Musical Time Machine Steve Rucker / David Smith / Pamela Phillips-Oland
0%
Book 2002 Dr. Dee Tee & Dexter Hyde Meg Belviso / Pam Pollack
0%
Book 2002 Horse of a Different Dexter David Cody Weiss / Bobbi J. G. Weiss
0%
Book 2003 I Dream of Dexter Meg Belviso / Pam Pollack
0%
Book 2003 Knights of the Periodic Table David Cody Weiss / Bobbi J. G. Weiss
0%
Book 2003 Little Lab or Horrors Anne Capeci
0%
Book 2002 Mixed-Up Magnetism Anne Capeci
0%
Board Game 2001 Race to the Brainergizer Pressman Toy Corporation
0%
Board Game 2001 The Incredible Invention Versus Dee Dee Pressman Toy Corporation
0%
Book 2003 The Incredible Shrinking Dexter Pam Pollack / Meg Belviso
0%
Book 2003 What's the "Matter" with Dee Dee? Anne Capeci
0%
Book 2001 Zappo Change-O Genndy Tartakovsky
0%
No matching quizzes found
Score Distribution
Percent of People with Each Score
Percentile by Number Answered
Your Score History
You have not taken this quiz